El toque de Midas (Registro nro. 9684)
[ vista simple ]
| 000 -Cabecera | |
|---|---|
| Campo de control de longitud fija | 00776aam a2200289 4500 |
| 005 - Fecha y hora de la última transacción | |
| Campo de control | 20250811112049.0 |
| 008 - Elementos de longitud fija--Información general | |
| Campo de control de longitud fija | 150603b2016 xxu||||| |||| 00| 0 spa d |
| 020 ## - International Standard Book Number | |
| Número Internacional Estándar del Libro (ISBN) | 9788466329620 |
| 041 ## - Idioma | |
| Código de idioma | Español |
| 082 ## - Clasificación Decimal Dewey | |
| Número de clasificación | 658.409.2 K62t |
| 100 ## - Entrada principal--Autor personal | |
| Nombre personal | Kiyosaki, Robert |
| 9 (RLIN) | 22354 |
| 245 ## - Título propiamente dicho | |
| Título | El toque de Midas |
| 260 ## - Pie de imprenta | |
| Lugar de publicación, distribución, etc. | España |
| 260 ## - Pie de imprenta | |
| Nombre del editor, distribuidor, etc. | Penguin Random House |
| 260 ## - Pie de imprenta | |
| Fecha de publicación, distribución, etc. | 2016 |
| 300 ## - Descripción física | |
| Extensión | 261 páginas |
| 490 ## - Serie | |
| Título de la Serie | Dirección y Administración de Empresas |
| 650 ## - Materia general | |
| Temática (materia general) | LIDERAZGO EJECUTIVO |
| 650 ## - Materia general | |
| Temática (materia general) | CRECIMIENTO FINANCIERO |
| 650 ## - Materia general | |
| Temática (materia general) | EMPRESAS |
| 650 ## - Materia general | |
| Temática (materia general) | ÉXITO EN LOS NEGOCIOS |
| 650 ## - Materia general | |
| Temática (materia general) | EFICACIA ORGANIZACIONAL |
| 650 ## - Materia general | |
| Temática (materia general) | APTITUD CREADORA EN LOS NEGOCIOS |
| 650 ## - Materia general | |
| Temática (materia general) | DINERO |
| 650 ## - Materia general | |
| Temática (materia general) | INTELIGENCIA FINANCIERA |
| 942 ## - Punto de acceso adicional KOHA | |
| Tipo de ítem KOHA | Literatura |
| Fuente del sistema de clasificación o colocación | Dewey Decimal Classification |
| Signatura completa | Código de barras | Programa Académico | Tipo de ítem |
|---|---|---|---|
| 658.409.2 K62t | 22474 | Dirección y Administración de Empresas | Literatura |